Tripelkonzert

Bibliografiske detaljer
Hovedforfatter: Beethoven, Ludwig van. 1770-1827
Format: Audio
Sprog:Spanish
Fag:

MARC

LEADER 00000cjm a2200000 a 4500
001 INS-CUE 005
005 20230314082117.0
008 006103| ||||||||r|||||||||||spa||
040 |b spa 
041 1 |a spa 
082 0 |a Sia250 
100 1 |a Beethoven, Ludwig van.  |d 1770-1827  |9 75414 
245 |a Tripelkonzert  |c Ludwig Van Beethoven  |h cd 
300 |a 1 disco compacto sonoro  |c 12 cm  |e Digital stereo 
500 |a Disco de audio fotocopia 
505 |a Tripelkonzert 1. Allegro.-- 2. Largo atacca.-- 3. Rondó alla polaea 
653 |a Grabación sonora para cuerdas 
650 1 |a Cuerdas  |9 80695 
650 1 |a Tripelkonzert  |9 174630 
650 1 |a Beethoven  |9 20003 
852 |a UC-YANUNCAY  |c SALA 2 ARTES  |f Donación  |k jhoanna.mogollon  |l 1  |m General  |p 20061031  |q 2.00  |t INS-CUE 005  |b 0  |d CDRY  |e CDRY  |g Sia250 SALA 2 ARTES  |z 2006-61-03 
942 |c CF 
999 |c 93890  |d 93890